000 01890nab a2200217 i 4500
001 768714001
003 CO-MdFUSB
005 20240614092751.0
008 240614t2013 ck ||||| |||| 00| 0 spa d
040 _bspa.
_cCO-MdFUSB
_dCO-MdFUSB
100 _a García García, Yadira Esther,
_eautor
245 4 _aLas políticas de justicia y paz en el reconocimiento a las víctimas del conflicto armado en Colombia
_c/ Yadira Esther García García
520 _aLa violencia ha sido un fenómeno imborrable y polémico que ha marcado la historia de las víctimas y ha dejado un legado bélico transmitido por la misma cultura de guerra. El generar terror y ejercer coerción a través de crímenes de lesa humanidad en estado de paz o guerra en los habitantes de una región específica se convierte en el modus operandi de los grupos terroristas. Frente a estas políticas de terror los grupos rebeldes le demuestran a toda una nación su inconformismo hacia las políticas de Estado. No obstante, esta violencia ha dejado huellas imborrables en el comportamiento y en la memoria de muchas personas, por tal motivo el presente artículo está encaminado principalmente a describir los hechos violentos ocurridos a causa de la violencia política de los grupos terroristas y los avances o acuerdo políticos que ha logrado el gobierno colombiano en el reconocimiento a las víctimas frente a los procesos de justicia y paz, justicia transicional y ley de víctimas y restitución de tierras.
650 0 _aJusticia social
_91851
650 0 _aCiencias políticas
_9926
650 7 _aGestión de conflictos
_92119
650 0 _aPaz
_92052
773 0 _070182
_982763
_dBarranquilla - Medellín, Colombia :
_oR2638
_tPensamiento Americano
_w(CO-MdFUSB)768714001
_gVolumen 6, (número 10, 2013) páginas: 23 - 28
_qpágina: 23
942 _cANA
945 _aCatherine Arias Álvarez - Practicante SENA
999 _c70201
_d70201